01294nam a2200325Ia 4500001001200000003000800012006001900020007001500039008004100054010001700095020002500112020002200137040002100159035002100180050002300201100001800224245009900242246004300341260004100384300003900425504006400464533015200528630002000680650003700700650004200737655002900779710001700808856012600825999001700951ebr10255057CaPaEBRm u cr cn|||||||||080329s2008 maua sb 001 0 eng d z 2007906513 z9781598634259 (pbk.) z1598634259 (pbk.) aCaPaEBRcCaPaEBR a(OCoLC)56063364514aT385b.K655 2008eb1 aKoers, Diane.10aPicture Yourself learning Corel Paint shop pro photo X2h[electronic resource] /cDiane Koers.30aLearning Corel Paint shop pro photo X2 aBoston :bCourse Technology,cc2008. axvi, 396 p. :bill. (chiefly col.) aIncludes bibliographical references (p. 375-376) and index. aElectronic reproduction.bPalo Alto, Calif. :cebrary,d2009.nAvailable via World Wide Web.nAccess may be limited to ebrary affiliated libraries.00aPaint shop pro. 0aPhotographyxDigital techniques. 0aImage processingxDigital techniques. 7aElectronic books.2local2 aebrary, Inc.40uhttp://site.ebrary.com/lib/rucke/Doc?id=10255057zAn electronic book accessible through the World Wide Web; click to view c34203d34203